MINDA RAYAU : (Record no. 203531)
[ view plain ]
| 000 -LEADER | |
|---|---|
| fixed length control field | 01489nam a2200301 i 4500 |
| 003 - CONTROL NUMBER IDENTIFIER | |
| control field | OSt |
| 005 - DATE AND TIME OF LATEST TRANSACTION | |
| control field | 20260329113425.0 |
| 008 - FIXED-LENGTH DATA ELEMENTS--GENERAL INFORMATION | |
| fixed length control field | 260329s2025 my a gq 001 0 may d |
| 020 ## - INTERNATIONAL STANDARD BOOK NUMBER | |
| International Standard Book Number | 9786297738529 |
| Terms of availability | RM 25.00 |
| Qualifying information | paperback |
| 040 ## - CATALOGING SOURCE | |
| Original cataloging agency | PPAK |
| Language of cataloging | eng |
| Transcribing agency | PPAK |
| Description conventions | rda |
| 082 04 - DEWEY DECIMAL CLASSIFICATION NUMBER | |
| Edition number | 23 |
| Classification number | 616.858900835 |
| 090 00 - LOCALLY ASSIGNED LC-TYPE CALL NUMBER (OCLC); LOCAL CALL NUMBER (RLIN) | |
| Classification number (OCLC) (R) ; Classification number, CALL (RLIN) (NR) | 616.858900835 |
| Feature heading | HAZ |
| Feature heading | G |
| 100 0# - MAIN ENTRY--PERSONAL NAME | |
| Personal name | Hazli Zakaria, |
| Titles and words associated with a name | Dr., |
| Relator term | author. |
| 245 10 - TITLE STATEMENT | |
| Title | MINDA RAYAU : |
| Remainder of title | ADHD DEWASA / |
| Statement of responsibility, etc. | Dr. Hazli Zakaria ; Editor: Siti Fatiha Yahya. |
| 264 #1 - PRODUCTION, PUBLICATION, DISTRIBUTION, MANUFACTURE, AND COPYRIGHT NOTICE | |
| Place of production, publication, distribution, manufacture | Kajang, Selangor : |
| Name of producer, publisher, distributor, manufacturer | Aras Mega (M) Sdn. Bhd., |
| Date of production, publication, distribution, manufacture, or copyright notice | [2025?] |
| 300 ## - PHYSICAL DESCRIPTION | |
| Extent | xiv, 175 pages : |
| Other physical details | illustrations ; |
| Dimensions | 21 cm |
| 336 ## - CONTENT TYPE | |
| Content type term | text |
| Source | rdacontent |
| 337 ## - MEDIA TYPE | |
| Media type term | unmediated |
| Source | rdamedia |
| 338 ## - CARRIER TYPE | |
| Carrier type term | volume |
| Source | rdacarrier |
| 500 ## - GENERAL NOTE | |
| General note | Includes index |
| 504 ## - BIBLIOGRAPHY, ETC. NOTE | |
| Bibliography, etc. note | Bibliography: pages 171-172 |
| 520 ## - SUMMARY, ETC. | |
| Summary, etc. | Maklumat tentang ADHD dewasa di Malaysia masih terhad dan sering menimbulkan kekeliruan. Minda Rayau hadir sebagai langkah awal untuk memahami isu ini. Dengan gaya penulisan reflektif dan bersahaja, buku ini mengajak pembaca menilai semula fitrah minda manusia. Buku ini juga menawarkan tip dan strategi untuk mencapai keseimbangan dan ketenangan sebagai seorang manusia dan menghargai manusia dewasa yang merayau bersama ADHD. |
| 650 10 - SUBJECT ADDED ENTRY--TOPICAL TERM | |
| Topical term or geographic name entry element | Attention-deficit hyperactivity disorder in adults. |
| Topical term or geographic name entry element | People with attention-deficit hyperactivity disorder |
| Topical term or geographic name entry element | Distraction (Psychology). |
| 700 0# - ADDED ENTRY--PERSONAL NAME | |
| Personal name | Siti Fatiha Yahya, |
| Relator term | editor. |
| 942 ## - ADDED ENTRY ELEMENTS (KOHA) | |
| Source of classification or shelving scheme | Dewey Decimal Classification |
| Koha item type | Book |
| Withdrawn | Not for loan | Current library | Shelving location | Date acquired | Total Checkouts | Full call number | Barcode | Date last seen | Koha item type |
|---|---|---|---|---|---|---|---|---|---|
| Perpustakaan Alor Setar | Pinjaman Dewasa | 31/03/2026 | 616.858900835 HAZ | A01912181 | 31/03/2026 | Book | |||
| Perpustakaan Awam Sungai Petani | Pinjaman Dewasa | 31/03/2026 | 616.858900835 HAZ | A01912182 | 31/03/2026 | Book | |||
| Perpustakaan Baling | Pinjaman Dewasa | 31/03/2026 | 616.858900835 HAZ | A01912186 | 31/03/2026 | Book | |||
| Perpustakaan Bandar Baharu | Pinjaman Dewasa | 31/03/2026 | 616.858900835 HAZ | A01912187 | 31/03/2026 | Book | |||
| Perpustakaan Jitra | Pinjaman Dewasa | 31/03/2026 | 616.858900835 HAZ | A01912183 | 31/03/2026 | Book | |||
| Perpustakaan Kulim | Pinjaman Dewasa | 31/03/2026 | 616.858900835 HAZ | A01912185 | 31/03/2026 | Book | |||
| Perpustakaan Langkawi | Pinjaman Dewasa | 31/03/2026 | 616.858900835 HAZ | A01912184 | 31/03/2026 | Book |